Normal view MARC view

Entry Personal Name

Number of records used in: 1

001 - CONTROL NUMBER

  • control field: 753035

003 - CONTROL NUMBER IDENTIFIER

  • control field: OSt

005 - DATE AND TIME OF LATEST TRANSACTION

  • control field: 20250425143940.0

008 - FIXED-LENGTH DATA ELEMENTS

  • fixed length control field: 250425|| aca||aabn | a|a d

040 ## - CATALOGING SOURCE

  • Original cataloging agency: OSt
  • Transcribing agency: OSt

100 ## - HEADING--PERSONAL NAME

  • Personal name: गुप्ता, राधाकृष्ण

670 ## - SOURCE DATA FOUND

  • Source citation: Work cat.: (OSt)1309401: गुप्ता, राधाकृष्ण , वैदिक गणित माध्यमिक , 2010.
Copyright @ Delhi University Library System